Visualizing Multilevel Test-to-Code Relations

Elmentve itt :
Bibliográfiai részletek
Szerzők: Aljawabrah Nadera
Qusef Abdallah
Gergely Tamás
Pati Adhyatmananda
Dokumentumtípus: Könyv része
Megjelent: Springer International Publishing 2021
Sorozat:Information and Communication Technology and Applications
doi:10.1007/978-3-030-69143-1_39

mtmt:31875165
Online Access:http://publicatio.bibl.u-szeged.hu/21023
LEADER 00852naa a2200241 i 4500
001 publ21023
005 20210310102328.0
008 210310s2021 hu o 0|| zxx d
020 |a 9783030691431; 9783030691424 
024 7 |a 10.1007/978-3-030-69143-1_39  |2 doi 
024 7 |a 31875165  |2 mtmt 
040 |a SZTE Publicatio Repozitórium  |b hun 
041 |a zxx 
100 1 |a Aljawabrah Nadera 
245 1 0 |a Visualizing Multilevel Test-to-Code Relations  |h [elektronikus dokumentum] /  |c  Aljawabrah Nadera 
260 |a Springer International Publishing  |c 2021 
300 |a 10 
300 |a 510-519 
490 0 |a Information and Communication Technology and Applications 
700 0 1 |a Qusef Abdallah  |e aut 
700 0 1 |a Gergely Tamás  |e aut 
700 0 1 |a Pati Adhyatmananda  |e aut 
856 4 0 |u http://publicatio.bibl.u-szeged.hu/21023/1/ICTApaper.pdf  |z Dokumentum-elérés